Statistics for MXGP riders 2022 season

Click here to take the quiz!

General Stats

  • This quiz has been taken 19 times
  • The average score is 12 of 30

Answer Stats

HintAnswer% Correct
243Tim Gajser
75%
259Glenn Coldenhoff
67%
91Jeremy Seewer
67%
61Jorge Prado
67%
959Maxime Renaux
58%
911Jordi Tixier
50%
3Romain Febvre
50%
70Ruben Fernandez
50%
189Brian Bogers
42%
10Calvin Vlaanderen
42%
29Henry Jacobi
42%
89Jeremy Van Horebeek
42%
101Mattia Guadagnini
42%
43Mitchell Evans
42%
41Pauls Jonass
42%
92Valentin Guillod
42%
303Alberto Forato
33%
77Alessandro Lupino
33%
161Alvin Östlund
33%
919Ben Watson
33%
32Brent Van Doninck
33%
128Ivo Monticelli
33%
19Thomas Kjer Olsen
33%
16Benoit Paturel
25%
75Hardi Roosiorg
25%
151Harri Kullas
25%
14Jed Beaton
25%
147Miro Sihvonen
25%
211Nicholas Lapucci
25%
226Tom Koch
25%

Score Distribution

Percentile by Number Answered

Percent of People with Each Score

Your Score History

You have not taken this quiz